00379nam a2200157Ia 4500008004100000041000800041082001300049100002800062245002300090250000800113260002700121300000800148542001500156551002700171650002300198220531s9999 xx 000 0 und d aeng a541bSIL aSilbey, R. J. &. Others aPhysical Chemistry a4th aNew DelhibWileyc2014 a944 d26-07-2014 aSciencebNon-grant-SCI aPhysical Chemistry